Statistics for Pusha T Discography

Click here to take the quiz!

General Stats

  • This quiz has been taken 40 times
    (29 since last reset)
  • The average score is 4 of 7

Answer Stats

YearNameType% Correct
2018DaytonaAlbum
100%
2022It's Almost DryAlbum
90%
2013My Name Is My NameAlbum
85%
2015King Push - Darkest Before Dawn: The PreludeAlbum
55%
2011Fear of GodMixtape
40%
2011Fear of God II: Let Us PrayEP
40%
2013Wrath of CaineMixtape
25%

Score Distribution

Percentile by Number Answered

Percent of People with Each Score

Your Score History

You have not taken this quiz since the last reset